Movies Quiz

Random Movies or Oscar Quiz
Score 0/24 Timer 02:00
1 Play Today
Question Answer Wrong Answers
What's the extra word? Coast
97.9%
West
0.5%
Side
0.8%
Story
0.7%
What's the extra word? The
96.4%
My
0.7%
Fair
0.3%
Lady
0.3%
What's the extra word? Martin
93.6%
Lawrence
1.3%
Of
0.4%
Arabia
0.7%
What's the extra word? Throne
93.3%
The
0.3%
King's
0.2%
Speech
1.5%
What's the extra word? And
92.7%
Kramer
0.2%
Vs.
1.3%
Kramer
0.2%
What's the extra word? Times
91.1%
Terms
1.9%
Of
0.4%
Endearment
0.5%
What's the extra word? Angels
90.6%
Chariots
1.9%
Of
0.3%
Fire
1.3%
What's the extra word? Belfast
90%
On
3.8%
The
3%
Waterfront
1.1%
What's the extra word? Kiss
89.9%
The
0.4%
French
0.5%
Connection
3.9%
What's the extra word? Hunters
89.7%
The
0.3%
Deer
0.3%
Hunter
4.1%
What's the extra word? Diary
89.5%
Driving
1%
Miss
0.4%
Daisy
0.5%
What's the extra word? South
87.1%
Out
4.2%
Of
1.7%
Africa
0.4%
What's the extra word? That
83.8%
Going
1.3%
My
8.5%
Way
0.7%
What's the extra word? Paradise
83.3%
Shakespeare
1.5%
In
0.2%
Love
0.9%
What's the extra word? Channel
83%
The
0.3%
English
0.5%
Patient
3.7%
What's the extra word? Games
82.4%
A
0.6%
Beautiful
0.5%
Mind
0.6%
What's the extra word? Train
81.2%
Million
0.2%
Dollar
0.3%
Baby
0.4%
What's the extra word? Dancing
79.7%
Dances
10.3%
With
0.4%
Wolves
0.2%
What's the extra word? Mary
79.1%
All
0.3%
About
0.4%
Eve
15.5%
What's the extra word? Girl
77.4%
The
0.4%
Hurt
0.9%
Locker
1.1%
What's the extra word? Translation
71.7%
The
2.1%
Lost
0.7%
Weekend
21.7%
What's the extra word? Expectations
62%
The
0.9%
Great
1.1%
Ziegfeld
28.2%
What's the extra word? Mohican
60.9%
The
0.2%
Last
0.3%
Emperor
31.7%
What's the extra word? Show
36.8%
The
1.9%
Broadway
6%
Melody
43.6%
Remove Ads.
Support Sporcle.
Get the best of Sporcle when you Go Orange. This ad-free experience offers more features, more stats, and more fun while also helping to support Sporcle. Thank you for becoming a member.

You're not logged in!

Compare scores with friends on all Sporcle quizzes.
OR
Log In

Sporcle TV

Today on Sporcle TV


Watch our educational content, quiz creation guides, and fun videos on Sporcle TV.

Show Comments

Extras

Top Quizzes Today


Score Distribution

Paid Content

Your Account Isn't Verified!

In order to create a playlist on Sporcle, you need to verify the email address you used during registration. Go to your Sporcle Settings to finish the process.

Report this User

Report this user for behavior that violates our Community Guidelines.

Details: